000 00604nam a2200241Ia 4500
003 OSt
005 20221005120136.0
006 a|||||r|||| 00| 0
007 ta
008 221004b |||||||| |||| 00| 0 mal d
024 _a58924
037 _cTextual
040 _aCRL
_cCRL
_bmal
041 _2mal
_amal
082 _aU8.1, 32K6
100 _aKurup Parakode N.R. Au.
_9628589
245 0 _aDelhi muthal helsinki vare
260 _c1966
650 _a TRAVEL
650 _aGEOGRAPHY
942 _hU8.1, 32K6
_cTEXL
_2cc
999 _c1036971
_d1036971